00776nam a2200181 a 450000100100000000500170001000800410002702000150006804000250008308200150010810000350012324501550015826000750031330000280038870000470041695201140046399900170057700004438420201002045333.0140626s1992 pr a 000 0 spa d z0865814092 aDO-SdBNPbspacBNPHU axxxxaxxxx1 aFreire de Matos, Isabel92496610aRitmos de tierra y mar :bpoesía para niños /cIsabel Freire de Matos ; [diseño de portada e ilustraciones, María del Carmen "Poli" Marichal]. aSan Juan, Puerto Rico :bInstituto de Cultura Puertorriqueña,c1992. a143 p. :bil. ;c26 cm.12aPoli Marichal, Maria del Carmeneil972386 001050718MOaPDbPDcCTd2014-06-26iLF1l0oxxxx xxxx p44384-10r2020-06-25w2020-06-25y1ZNo se presta c43873d43873